[Event "GER-ch Net Amateur Gr-B Final"]
[Site "Playchess.com INT"]
[Date "2020.04.18"]
[Round "4"]
[White "Eckert, David"]
[Black "Schmukal, Jens"]
[Result "1-0"]
[WhiteElo "1626"]
[BlackElo "1758"]
[PlyCount "85"]
[EventDate "2020.04.18"]
[EventType "swiss (blitz)"]
[EventRounds "13"]
[EventCountry "GER"]
[SourceTitle "CBM 195 Extra"]
[Source "ChessBase"]
[SourceDate "2020.05.31"]
[SourceVersion "1"]
[SourceVersionDate "2020.05.31"]
[SourceQuality "1"]

1. Nf3 d5 2. e4 dxe4 3. Ng5 Nf6 4. Nc3 Bf5 5. Bc4 e6 6. f3 exf3 7. Qxf3 Nc6 8. Nxf7 Kxf7 9. Qxf5 Nd4 10. Qd3 Bc5 11. Ne4 Bb6 12. c3 Nf5 13. Qxd8 Rhxd8 14. Ng5+ Kg6 15. Nxe6 Re8 16. Kd1 Ne4 17. Kc2 Nf2 18. Rf1 Nd6 19. Nf4+ Kf6 20. Bb3 g5 21. Nd5+ Kg6 22. Nxb6 axb6 23. Rxf2 Ne4 24. Re2 Nf6 25. Rxe8 Rxe8 26. Bc4 Re1 27. Bd3+ Kg7 28. Rb1 Rg1 29. Be2 Rxg2 30. Bf3 Rxh2 31. Bxb7 g4 32. b4 g3 33. Bb2 h5 34. c4 Kg6 35. Rg1 h4 36. a4 Kg5 37. a5 bxa5 38. bxa5 Kh5 39. a6 Nd7 40. Bd4 g2 41. Rxg2 Rxg2 42. Bxg2 Kg4 43. a7 1-0

[Event "GER-ch Net Amateur Gr-B Final"]
[Site "Playchess.com INT"]
[Date "2020.04.18"]
[Round "12"]
[White "Schmukal, Jens"]
[Black "Fock, Sana"]
[Result "1-0"]
[WhiteElo "1758"]
[BlackElo "1711"]
[PlyCount "106"]
[EventDate "2020.04.18"]
[EventType "swiss (blitz)"]
[EventRounds "13"]
[EventCountry "GER"]
[SourceTitle "CBM 195 Extra"]
[Source "ChessBase"]
[SourceDate "2020.05.31"]
[SourceVersion "1"]
[SourceVersionDate "2020.05.31"]
[SourceQuality "1"]

1. d4 d5 2. c4 e6 3. Nf3 Nf6 4. Nc3 Be7 5. Bf4 0-0 6. e3 c6 7. Rc1 b6 8. cxd5 exd5 9. Ne5 Bb7 10. Bd3 Nbd7 11. 0-0 Rc8 12. Qe2 c5 13. Ba6 Bxa6 14. Qxa6 cxd4 15. exd4 Nh5 16. Be3 Nxe5 17. dxe5 d4 18. Rfd1 Bc5 19. Ne4 Qh4 20. Nxc5 dxe3 21. Nd3 Rxc1 22. Rxc1 Qg5 23. Re1 exf2+ 24. Nxf2 Nf4 25. Qf1 Re8 26. Ne4 Qf5 27. Nd6 Qg4 28. Nxe8 Nh3+ 29. Kh1 Ng5 30. Nd6 Qh4 31. Nf5 Qg4 32. Ng3 h5 33. Qe2 Qe6 34. Nxh5 g6 35. Ng3 Kg7 36. Qe3 Nh7 37. Qd4 Ng5 38. Qd6 Qxa2 39. Qf6+ Kh6 40. h4 Qa4 41. hxg5+ Kh7 42. Qxf7+ Kh8 43. Qxg6 Qh4+ 44. Kg1 Qxg3 45. Qf6+ Kh7 46. Qf2 Qxg5 47. e6 Kg8 48. Qf7+ Kh8 49. e7 Qc5+ 50. Qf2 Qh5 51. e8Q+ Qxe8 52. Rxe8+ Kg7 53. Qd4+ Kg6 1-0

[Event "GER-ch Net Amateur Gr-B Final"]
[Site "Playchess.com INT"]
[Date "2020.04.18"]
[Round "2"]
[White "Schmukal, Jens"]
[Black "Riesner, Daniel"]
[Result "0-1"]
[WhiteElo "1758"]
[BlackElo "2161"]
[PlyCount "118"]
[EventDate "2020.04.18"]
[EventType "swiss (blitz)"]
[EventRounds "13"]
[EventCountry "GER"]
[SourceTitle "CBM 195 Extra"]
[Source "ChessBase"]
[SourceDate "2020.05.31"]
[SourceVersion "1"]
[SourceVersionDate "2020.05.31"]
[SourceQuality "1"]

1. d4 Nf6 2. c4 e6 3. Nf3 b6 4. Nc3 Bb7 5. Bg5 h6 6. Bh4 Be7 7. e3 Ne4 8. Bxe7 Qxe7 9. Bd3 Nxc3 10. bxc3 c5 11. 0-0 0-0 12. a4 Nc6 13. Qc2 Rac8 14. d5 Na5 15. e4 d6 16. Rad1 Ba6 17. Qe2 exd5 18. cxd5 Bxd3 19. Qxd3 c4 20. Qe3 Qd7 21. Ra1 Nb3 22. Ra2 Rfe8 23. Nd4 Nxd4 24. Qxd4 Rc5 25. Kh1 Qg4 26. f3 Qf4 27. a5 bxa5 28. Rfa1 h5 29. g3 Qxf3+ 30. Kg1 Rxe4 31. Qd1 Qxc3 32. Qxh5 Re1+ 33. Rxe1 Qxe1+ 34. Kg2 Qe4+ 35. Kh3 Rxd5 36. Qh4 Qe6+ 37. Kg2 f6 38. Rf2 Re5 39. Qf4 Re2 40. Qd4 Rxf2+ 41. Qxf2 Qe4+ 42. Kh3 Qh7+ 43. Kg2 Qe4+ 44. Kh3 Qe6+ 45. Kg2 Qf7 46. Qa2 Qb7+ 47. Kh3 d5 48. Qxa5 Qd7+ 49. Kg2 d4 50. Qd2 c3 51. Qd3 Qd5+ 52. Kh3 Kf7 53. g4 Qd7 54. Kg3 Kf8 55. h4 Qd6+ 56. Kh3 Qd5 57. h5 Kf7 58. Kg3 Qe5+ 59. Kh3 Qe3+ 0-1

[Event "GER-ch Net Amateur Gr-B Final"]
[Site "Playchess.com INT"]
[Date "2020.04.18"]
[Round "5"]
[White "Schmukal, Jens"]
[Black "Weiskopf, Philip Michael"]
[Result "1-0"]
[WhiteElo "1758"]
[BlackElo "1638"]
[PlyCount "91"]
[EventDate "2020.04.18"]
[EventType "swiss (blitz)"]
[EventRounds "13"]
[EventCountry "GER"]
[SourceTitle "CBM 195 Extra"]
[Source "ChessBase"]
[SourceDate "2020.05.31"]
[SourceVersion "1"]
[SourceVersionDate "2020.05.31"]
[SourceQuality "1"]

1. d4 d5 2. c4 e6 3. Nf3 Nf6 4. Nc3 c5 5. dxc5 Bxc5 6. Bg5 d4 7. Nb5 Bb4+ 8. Nd2 Nc6 9. a3 Bxd2+ 10. Qxd2 e5 11. 0-0-0 a6 12. Bxf6 gxf6 13. Qh6 axb5 14. cxb5 Na5 15. e3 Qc7+ 16. Kb1 Bf5+ 17. Bd3 Bxd3+ 18. Rxd3 Qc4 19. Rhd1 Rc8 20. exd4 Qc2+ 21. Ka2 Qc4+ 22. Ka1 Nb3+ 23. Kb1 Qc2+ 24. Ka2 Qc4 25. Rxb3 Rg8 26. g3 Qe2 27. Rd2 Qc4 28. Qxf6 Rg6 29. Qxe5+ Re6 30. Qf4 Rd8 31. Rdd3 Rd5 32. Rdc3 Qf1 33. Qb8+ Ke7 34. Qxb7+ Kf6 35. Qxd5 Re1 36. Rf3+ Kg7 37. Rbd3 Ra1+ 38. Kb3 Qb1 39. Qg5+ Kf8 40. Qd8+ Kg7 41. Qe7 Qa2+ 42. Ka4 Qxb2 43. Qxf7+ Kh6 44. Rf6+ Kg5 45. Rf5+ Kg4 46. Qh5# 1-0

[Event "GER-ch Net Amateur Gr-B Vor2"]
[Site "Playchess.com INT"]
[Date "2020.04.15"]
[Round "8"]
[White "Steinmetz, Rainer"]
[Black "Schmukal, Jens"]
[Result "0-1"]
[WhiteElo "1416"]
[BlackElo "1697"]
[PlyCount "148"]
[EventDate "2020.04.15"]
[EventType "swiss (blitz)"]
[EventRounds "9"]
[EventCountry "GER"]
[SourceTitle "CBM 196 Extra"]
[Source "ChessBase"]
[SourceDate "2020.07.31"]
[SourceVersion "1"]
[SourceVersionDate "2020.07.31"]
[SourceQuality "1"]

1. d4 d5 2. c4 c6 3. Nf3 Nf6 4. e3 g6 5. Nc3 Bg7 6. Bd3 0-0 7. 0-0 dxc4 8. Bxc4 b5 9. Bd3 Bb7 10. b3 Nbd7 11. Bb2 a6 12. Rc1 Qb6 13. Qe2 c5 14. Rfd1 cxd4 15. Nxd4 Nc5 16. Bb1 b4 17. Na4 Nxa4 18. bxa4 Rac8 19. Bd3 a5 20. Bc4 e6 21. Bb5 Nd5 22. e4 Nc3 23. Bxc3 Rxc3 24. Nf3 Rfc8 25. Rxc3 Bxc3 26. Ng5 Qc5 27. h4 h6 28. Nf3 Bc6 29. Qd3 Bxb5 30. axb5 Rb8 31. Qd7 Qxb5 32. Qc7 Qb7 33. Rd8+ Kg7 34. Qxb8 Qxe4 35. Rg8+ Kf6 36. Qd8+ Kf5 37. Rf8 f6 38. Qxf6+ Bxf6 39. h5 g5 40. Kh2 Qf4+ 41. Kg1 Ke4 42. Re8 e5 43. Rc8 Be7 44. Rc4+ Kf5 45. Rxf4+ Kxf4 46. Kf1 a4 47. Ke2 e4 48. g3+ Kf5 49. Nd2 a3 50. Nc4 Ke6 51. Nd2 Kd5 52. Ke3 Bc5+ 53. Ke2 Kd4 54. g4 Bb6 55. Kd1 Kd3 56. Kc1 e3 57. fxe3 Kxe3 58. Nc4+ Kf4 59. Nxb6 Kxg4 60. Nd5 Kxh5 61. Nxb4 g4 62. Nd3 g3 63. Kc2 Kg4 64. Kb3 g2 65. Ne5+ Kg3 66. Kxa3 g1Q 67. Kb4 Qd4+ 68. Nc4 h5 69. a3 h4 70. Kb5 h3 71. a4 h2 72. Nd2 Qb2+ 73. Kc6 Qxd2 74. a5 Qxa5 0-1

[Event "GER-ch Net blitz qual2"]
[Site "Playchess.com INT"]
[Date "2020.03.16"]
[Round "7"]
[White "Schmukal, Jens"]
[Black "Flach, Erich"]
[Result "1/2-1/2"]
[WhiteElo "1786"]
[BlackElo "2073"]
[PlyCount "122"]
[EventDate "2020.03.16"]
[EventType "swiss (blitz)"]
[EventRounds "9"]
[EventCountry "GER"]
[SourceTitle "CBM 195 Extra"]
[Source "ChessBase"]
[SourceDate "2020.05.31"]
[SourceVersion "1"]
[SourceVersionDate "2020.05.31"]
[SourceQuality "1"]

1. d4 Nf6 2. c4 c5 3. d5 e6 4. Nc3 exd5 5. cxd5 d6 6. e4 g6 7. Bd3 Bg7 8. Nge2 0-0 9. 0-0 Re8 10. Bg5 a6 11. a4 Nbd7 12. Qd2 Qc7 13. Bh6 Bh8 14. f4 c4 15. Bc2 Nc5 16. Ng3 Rb8 17. f5 Ng4 18. Bf4 b5 19. axb5 axb5 20. fxg6 hxg6 21. h3 Ne5 22. Bg5 Ncd3 23. Bxd3 Nxd3 24. Qe3 Nxb2 25. Bf6 Bxf6 26. Rxf6 Qb6 27. Qxb6 Rxb6 28. Ra7 Bb7 29. Nge2 Ra8 30. Rxa8+ Bxa8 31. Nd4 b4 32. Nb1 c3 33. Nb3 Nd3 34. Rf1 Bb7 35. g4 Ba6 36. Rf3 Ne5 37. Rf2 Bc4 38. Nd4 Bd3 39. Rf1 Bxf1 40. Kxf1 Kf8 41. Ke2 Ke8 42. Ke3 Kd7 43. Nb3 Ra6 44. Kd4 Ra3 45. Nxa3 bxa3 46. Kxc3 Nf3 47. Nc1 g5 48. Kb3 Ng1 49. Nd3 Nxh3 50. Kxa3 Nf4 51. Nf2 Ke7 52. Kb4 Kf6 53. Kc4 Ke5 54. Kc3 Ng2 55. Kd2 Kf4 56. Ke2 Ne3 57. Ke1 Nxg4 58. Nh3+ Kxe4 59. Nxg5+ Kxd5 60. Nxf7 Ke6 61. Nxd6 Kxd6 1/2-1/2